00681nam a2200193 a 450000100060000000300090000600800410001502000150005604000280007108200180009910000490011724500330016625000060019926000310020530000110023650501770024765000270042465000360045119075CO-ViMGA141112s2004 ck r 000 u spa d a9701506766 aCO-ViMGAbspacCO-ViMGA04a621.302 Z417p1 aZbar, Paul; Malvino, Albert; Miller, Michael10aPrácticas de Electrónica a7 aMexico : bAlfaomega; 2001 a380 p. aFuncionamiento de semiconductores y circuitos integrados Manjeo de instrumentos y dispositivos electronicos Conceptos teoricos fundamentales y procedimientos experimentales14aELECTRONICA - MANUALES14aINGENIERIA ELECTRICA - MANUALES